000 00538nam a22001817a 4500
005 20251108172652.0
008 250721s2002 xx 000 0 ara d
020 _a996015128x
082 1 4 _a302/جيو
100 1 _aالجيوسي، محمد
245 1 0 _aأنت وأنا /
264 1 _aالرياض :
_bمكتب التربية العربي لدول الخليج،
_c2002.
300 _a312ص.
650 1 7 _aالعلاقات الإنسانية
650 1 7 _aالعلوم الإنسانية
942 _2ddc
_cBK
999 _c85468
_d85468